000 00526nam a22001817a 4500
005 20140826144824.0
010 _aENG-110605
020 _a9788184302325
_c200.00
035 _aEN-94137
037 _bDBAD/PUB
082 _a530.092
100 _aSharma, Mahesh
245 _aThe life and times of Stephen Hawking /
_cby Mahesh Sharma
260 _aNew Delhi
_bOcean Books
_c2012
270 _a4/19 Asaf Ali Road
_bNew Delhi
_e110002
300 _a149p.:
_c22cm(Hb)
_bill.
942 _2ddc
_cEN
_mSHA
_h530.092
999 _c87601
_d87601